Quiz Harry Potter sur Drago Malefoy - Statistiques

Statistiques générales
  • Ce quiz a été pris 180 fois
  • Le résultat moyen est 12 sur 15
Statistiques - réponses
Question Réponse % Correct
Quelle est sa maison à Poudlard Serpantard
98%
Qui devait-il-tuer lors de sa sixième année ? Albus Dumbledore
95%
A quel poste joue Drago dans l'équipe de Quidditch de Serpantard ? Attrapeur
95%
Comment s'appelle son père ? Lucius Malefoy
95%
Comment s'appelle son fils? Scorpius
95%
Qui sont les amis de Drago ? Vincent Crabbe, Gregory Goyle et Pansy Parkinson
88%
Qui a épousé Drago ? Astoria Greengrass
86%
En quatrième année, en quoi Drago a-t-il été transformer en guise de punition par le faux Maugrey ? Fouine
86%
Quels balais le père de Drago achète pour toute l'équipe de Quidditch de Serpantard ? Nimbus 2001
84%
Où Drago est-t-il devenu le propriétaire de la baguette de sureau ? A Poudlard
77%
Où se rencontrent pour la première fois Harry Potter et Drago ? Chez madame Guipure
67%
Quel est sa date de naissance ? 5 juin1980
65%
Que contient la baguette de Drago ? Un crin de licorne
63%
Où Drago a mal après l'attaque de Buck ? Bras Droit
58%
Que rejoint -t-il en cinquième année ? La brigade inquisitoriale
58%
Aucun quiz correspondant
Distribution des résultats
% des personnes avec chaque résultat
Percentile par nombre de réponses
Votre historique - résultats
Vous n’avez pas pris ce quiz